[Event "Maringa op"]
[Site "Maringa"]
[Date "2011.07.02"]
[Round "5"]
[White "De Toledo, Charles Mann"]
[Black "Santiago, Yago de Moura"]
[Result "0-1"]
[WhiteElo "2110"]
[BlackElo "2301"]
[PlyCount "112"]
[EventDate "2011.06.30"]
[EventType "swiss"]
[EventRounds "7"]
[EventCountry "BRA"]
[SourceTitle "EXT 2014"]
[Source "ChessBase"]
[SourceDate "2013.11.20"]
[SourceVersion "1"]
[SourceVersionDate "2013.11.20"]
[SourceQuality "1"]

1. g3 d5 2. Bg2 e5 3. d3 Nf6 4. Nd2 Be7 5. e4 d4 6. Ne2 c5 7. 0-0 Nc6 8. f4 Bg4 9. h3 Bxe2 10. Qxe2 Qc7 11. Nc4 Nd7 12. a4 0-0-0 13. Bd2 h5 14. f5 Kb8 15. a5 Nf6 16. Bf3 h4 17. g4 Nh7 18. Kg2 Bg5 19. Bxg5 Nxg5 20. Qd2 f6 21. Kh2 g6 22. Bg2 gxf5 23. Rxf5 Qg7 24. Raf1 Rh6 25. Qf2 Nh7 26. Qd2 Kc7 27. Kh1 Ng5 28. Qf2 Nh7 29. Qd2 Rd7 30. R5f2 Rg6 31. Rf5 Rg5 32. Qf2 Ne7 33. Rxf6 Nxf6 34. Qxf6 Qxf6 35. Rxf6 Nc6 36. a6 bxa6 37. Rh6 Nb4 38. Na3 Rf7 39. Kg1 c4 40. Nxc4 Nxc2 41. Re6 Ne3 42. Nxe5 Rfg7 43. Nf3 Rb5 44. Nxd4 Rxb2 45. Bf3 Rd7 46. Rc6+ Kb8 47. Ne2 Rxd3 48. g5 Nd5 49. Bg4 Ne3 50. Bh5 Rd8 51. Kf2 Nc2 52. Kf3 a5 53. Kg4 Nb4 54. Re6 Rxe2 55. Kxh4 Rg2 56. Bg4 a4 0-1

[Event "Paulista Interclub-chT"]
[Site "Sao Paolo"]
[Date "2009.03.07"]
[Round "5"]
[White "De Toledo, Charles Mann"]
[Black "Van Riemsdijk, Herman Claudius"]
[Result "0-1"]
[WhiteElo "2110"]
[BlackElo "2392"]
[PlyCount "88"]
[EventDate "2009.02.28"]
[EventType "team-tourn"]
[EventRounds "7"]
[EventCountry "BRA"]
[SourceTitle "CBM 129 Extra"]
[Source "ChessBase"]
[SourceDate "2009.05.05"]
[SourceVersion "2"]
[SourceVersionDate "2009.05.20"]
[SourceQuality "1"]

1. e4 e5 2. Nf3 Nc6 3. Bb5 a6 4. Bxc6 dxc6 5. 0-0 Bd6 6. d4 exd4 7. Qxd4 f6 8. Be3 Ne7 9. Nbd2 Be6 10. Rfd1 c5 11. Qc3 b6 12. Nc4 Ng6 13. Rd2 Bxc4 14. Qxc4 Qe7 15. Qd5 Rd8 16. g3 Qf7 17. Rad1 Qxd5 18. Rxd5 Ne7 19. R5d2 Nc6 20. b3 0-0 21. Nh4 g6 22. f3 Rde8 23. Kf2 Rf7 24. Ng2 f5 25. exf5 Rxf5 26. h4 Rf7 27. Bf4 Ref8 28. Re1 b5 29. Re4 b4 30. Ke2 Nd4+ 31. Rexd4 cxd4 32. Bxd6 Re8+ 33. Kf2 cxd6 34. Rxd4 Rfe7 35. Nf4 Rc8 36. Rd2 Rec7 37. Ke3 Rxc2 38. Nd5 Rxd2 39. Kxd2 Rb8 40. Kd3 Rb5 41. Nf6+ Kg7 42. Ne8+ Kf8 43. Nc7 Ra5 44. Kc4 Rc5+ 0-1

[Event "Paulista Interclub-chT"]
[Site "Sao Paolo"]
[Date "2009.03.01"]
[Round "3"]
[White "De Souza, Mauro Guimaraes"]
[Black "De Toledo, Charles Mann"]
[Result "0-1"]
[WhiteElo "2338"]
[BlackElo "2110"]
[PlyCount "63"]
[EventDate "2009.02.28"]
[EventType "team-tourn"]
[EventRounds "7"]
[EventCountry "BRA"]
[SourceTitle "CBM 129 Extra"]
[Source "ChessBase"]
[SourceDate "2009.05.05"]
[SourceVersion "2"]
[SourceVersionDate "2009.05.20"]
[SourceQuality "1"]

1. d4 d5 2. c4 dxc4 3. e3 Be6 4. Na3 c6 5. Nxc4 Nf6 6. Nf3 g6 7. Be2 Bg7 8. 0-0 0-0 9. b3 c5 10. Bb2 cxd4 11. Nxd4 Bd5 12. f3 Nc6 13. Nxc6 Bxc6 14. Ne5 Bd5 15. e4 Be6 16. Qxd8 Rfxd8 17. Rfd1 Rxd1+ 18. Rxd1 Rc8 19. Nc4 b5 20. Ne3 a6 21. Bd4 Nd7 22. Bxg7 Kxg7 23. Kf2 Nc5 24. Bd3 g5 25. g3 f6 26. Ke2 h6 27. Bc2 Kf7 28. f4 Ke8 29. Bb1 Bd7 30. Nd5 Bg4+ 31. Kd2 Bxd1 32. Kxd1 0-1

[Event "Paulista-chT Interclubes"]
[Site "Sao Paulo"]
[Date "2008.03.??"]
[Round "6"]
[White "De Souza, Mauro Guimaraes"]
[Black "De Toledo, Charles Mann"]
[Result "1-0"]
[WhiteElo "2317"]
[BlackElo "2110"]
[PlyCount "61"]
[EventDate "2008.03.01"]
[EventType "team-tourn"]
[EventRounds "7"]
[EventCountry "BRA"]
[SourceTitle "EXT 2022"]
[Source "ChessBase"]
[SourceDate "2021.10.06"]
[SourceVersion "1"]
[SourceVersionDate "2021.10.06"]
[SourceQuality "1"]
[WhiteTeam "Aramacan CA"]
[BlackTeam "Circulo Militar"]
[WhiteTeamCountry "BRA"]
[BlackTeamCountry "BRA"]

1. d4 g6 2. e4 d6 3. Nf3 Bg7 4. Bc4 e6 5. Bb3 Ne7 6. 0-0 0-0 7. c3 h6 8. Nbd2 Nd7 9. Re1 c6 10. Nc4 Nb6 11. Ne3 e5 12. a4 a5 13. h3 Qc7 14. Bd2 Bd7 15. Qc1 c5 16. dxe5 dxe5 17. Nc4 Kh7 18. Be3 Nxc4 19. Bxc4 Rac8 20. Qc2 b6 21. Qb3 Bc6 22. Bxf7 Bxe4 23. Nd2 Bc6 24. Bc4 Nf5 25. Rad1 Qb7 26. Bf1 Nh4 27. f3 Rb8 28. Bf2 Qe7 29. Ne4 Nf5 30. Bb5 Ba8 31. Rd7 1-0

[Event "Paulista-chT Interclubes"]
[Site "Sao Paulo"]
[Date "2008.03.??"]
[Round "5"]
[White "De Toledo, Charles Mann"]
[Black "Schutt, Ricardo de Amorim"]
[Result "0-1"]
[WhiteElo "2110"]
[BlackElo "2156"]
[PlyCount "102"]
[EventDate "2008.03.01"]
[EventType "team-tourn"]
[EventRounds "7"]
[EventCountry "BRA"]
[SourceTitle "EXT 2022"]
[Source "ChessBase"]
[SourceDate "2021.10.06"]
[SourceVersion "1"]
[SourceVersionDate "2021.10.06"]
[SourceQuality "1"]
[WhiteTeam "Circulo Militar"]
[BlackTeam "Pinheiros EC"]
[WhiteTeamCountry "BRA"]
[BlackTeamCountry "BRA"]

1. c4 e6 2. Nf3 b6 3. e3 Bb7 4. d4 Bb4+ 5. Bd2 Qe7 6. Nc3 Nf6 7. Bd3 Bxc3 8. Bxc3 Ne4 9. Bxe4 Bxe4 10. Nd2 Bb7 11. 0-0 d6 12. Qc2 Nd7 13. e4 0-0 14. f4 Rae8 15. Rae1 f6 16. b4 e5 17. a3 exd4 18. Bxd4 f5 19. exf5 Qxe1 20. Rxe1 Rxe1+ 21. Kf2 Rfe8 22. Nf3 R1e4 23. Qc3 Rxf4 24. Bxg7 Ne5 25. Bxe5 Rxe5 26. Qd2 Rexf5 27. Qe3 Bxf3 28. Qe6+ Rf7 29. gxf3 Rxf3+ 30. Kg2 R3f6 31. Qc8+ Kg7 32. h4 Rg6+ 33. Kh2 Kh6 34. Qe8 Kg7 35. Qe4 Rgf6 36. Qg4+ Rg6 37. Qe4 h6 38. Qd4+ Rgf6 39. Qe4 Rf4 40. Qg2+ Kf8 41. Kh3 Rf3+ 42. Kg4 Rg7+ 43. Kxf3 Rxg2 44. Kxg2 c6 45. Kf3 Kf7 46. a4 Kf6 47. Ke4 Ke6 48. b5 d5+ 49. cxd5+ cxd5+ 50. Kf4 Kd6 51. h5 Kc5 0-1